Countries with Swapped Positions #1 - Statistics

General Stats
  • This quiz has been taken 60,618 times
  • The average score is 8 of 10
Answers on the Map
Answers color-coded by a green-red scale on the quiz's map according to % correct below.
 
Answer Stats
Country Swap % Correct
Iceland Cuba
95%
Cuba Iceland
94%
Portugal Tunisia
87%
Japan New Zealand
86%
Ireland South Korea
84%
New Zealand Japan
84%
Tunisia Portugal
80%
South Korea Ireland
78%
Uruguay Cambodia
64%
Cambodia Uruguay
57%
No matching quizzes found
Score Distribution
Percent of People with Each Score
Percentile by Number Answered
Your Score History
You have not taken this quiz